书目信息 |
| 题名: |
中药制药工程原理与设备
|
|
| 作者: | 王沛 主编 | |
| 分册: | ||
| 出版信息: | 北京 中国中医药出版社 2018 |
|
| 页数: | 310页 | |
| 开本: | 28cm | |
| 丛书名: | 全国中医药行业高等教育“十三五”规划教材 | |
| 单 册: | ||
| 中图分类: | TQ461-43 , TH788-43 | |
| 科图分类: | ||
| 主题词: | 中成药--zhong cheng yao--生产工艺--中医学院--教材 , 中草药加工设备--zhong cao yao jia gong she bei--中医学院--教材 | |
| 电子资源: | ||
| ISBN: | 978-7-5132-3364-4 | |
| 000 | 01949nam 2200337 45 | |
| 001 | 012001003348 | |
| 005 | 20191204112004.76 | |
| 010 | @a978-7-5132-3364-4@dCNY63.00 | |
| 099 | @aCAL 012016137387 | |
| 100 | @a20161109d2016 em y0chiy50 ea | |
| 101 | 0 | @achi |
| 102 | @aCN@b110000 | |
| 105 | @aak z 000yy | |
| 106 | @ar | |
| 200 | 1 | @a中药制药工程原理与设备@Azhong yao zhi yao gong cheng yuan li yu she bei@f主编王沛 |
| 205 | @a第4版 | |
| 210 | @a北京@c中国中医药出版社@d2018 | |
| 215 | @a310页@c图@d28cm | |
| 225 | 2 | @a全国中医药行业高等教育“十三五”规划教材@Aquan guo zhong yi yao hang ye gao deng jiao yu “shi san wu ”gui hua jiao cai@h第一批 |
| 225 | 0 | @a全国高等中医药院校规划教材@Aquan guo gao deng zhong yi yao yuan xiao gui hua jiao cai@e第十版 |
| 330 | @a本书内容主要包括: 原料药 (中药) 处理设备, 中药材清洗设备, 饮片加工设备, 炮制设备; 粉碎、筛分、分离等单元操作原理及采用的具体设备的使用、维修、保养等; 药物输送原理与输送机械的分类、选型、使用、保养等; 传热、传质、蒸发、冷冻、液体蒸馏、溶剂萃取、固体干燥等的原理及其涉及的设备构造、使用、维修、保养等; 制剂成型机械设备, 诸如固体制剂生产设备、液体制剂生产设备、制剂分装机械等; 制剂辅助工艺设备, 诸如洗瓶机、蒸煮罐等的具体动力设备配备原则, 设备构造原理、技术参数、生产能力、使用注意事项等; 药品包装原则、包装材料分类、包装材料的选取, 各种包装材料的特点, 药用包装机械概论以及常用的包装设备等。 | |
| 333 | @a本教材主要供全国高等中医院校本科中药学类、制药工程等专业本科教学使用, 除此之外, 制药企业的工程技术人员可以参考使用 | |
| 410 | 0 | @12001 @a全国中医药行业高等教育“十三五”规划教材@h第一批 |
| 410 | 0 | @12001 @a全国高等中医药院校规划教材 (第十版) |
| 606 | 0 | @a中成药@Azhong cheng yao@x生产工艺@x中医学院@j教材 |
| 606 | 0 | @a中草药加工设备@Azhong cao yao jia gong she bei@x中医学院@j教材 |
| 690 | @aTQ461-43@v5 | |
| 690 | @aTH788-43@v5 | |
| 701 | 0 | @a王沛@Awang pei@4主编 |
| 801 | 0 | @aCN@b北京卓展@c20191020 |
| 905 | @b1211307-10@dTQ461-43@e111=4@f4 | |
| 中药制药工程原理与设备/主编王沛.-第4版.-北京:中国中医药出版社,2018 |
| 310页:图;28cm.-(全国中医药行业高等教育“十三五”规划教材.第一批).-(全国高等中医药院校规划教材:第十版) |
| 使用对象:本教材主要供全国高等中医院校本科中药学类、制药工程等专业本科教学使用, 除此之外, 制药企业的工程技术人员可以参考使用 |
| ISBN 978-7-5132-3364-4:CNY63.00 |
| 本书内容主要包括: 原料药 (中药) 处理设备, 中药材清洗设备, 饮片加工设备, 炮制设备; 粉碎、筛分、分离等单元操作原理及采用的具体设备的使用、维修、保养等; 药物输送原理与输送机械的分类、选型、使用、保养等; 传热、传质、蒸发、冷冻、液体蒸馏、溶剂萃取、固体干燥等的原理及其涉及的设备构造、使用、维修、保养等; 制剂成型机械设备, 诸如固体制剂生产设备、液体制剂生产设备、制剂分装机械等; 制剂辅助工艺设备, 诸如洗瓶机、蒸煮罐等的具体动力设备配备原则, 设备构造原理、技术参数、生产能力、使用注意事项等; 药品包装原则、包装材料分类、包装材料的选取, 各种包装材料的特点, 药用包装机械概论以及常用的包装设备等。 |
| ● |
| 相关链接 |
|
|
|
|
正题名:中药制药工程原理与设备
索取号:TQ461-43/111=4
 
预约/预借
| 序号 | 登录号 | 条形码 | 馆藏地/架位号 | 状态 | 备注 |
| 1 | 1211307 | 212113078 | 第二样本阅览室/ [索取号:TQ461-43/111=4] | 在馆 | |
| 2 | 1211308 | 212113087 | 第三借阅区/ [索取号:TQ461-43/111=4] | 在馆 | |
| 3 | 1211309 | 212113096 | 第三借阅区/ [索取号:TQ461-43/111=4] | 在馆 | |
| 4 | 1211310 | 212113103 | 第三借阅区/ [索取号:TQ461-43/111=4] | 在馆 |